30 Longest Country Names Quiz - Statistics

General Stats
  • This quiz has been taken 1,102 times
    979 since last reset
  • The average score is 12 of 30
Answer Stats
# of Letters Country % Correct
28 Democratic Republic of the Congo
89%
21 United States of America
86%
45 United Kingdom of Great Britain and Northern Ireland
78%
27 Federated States of Micronesia
71%
22 People's Republic of China
67%
22 Central African Republic
57%
28 Saint Vincent and the Grenadines
56%
32 Democratic People's Republic of Korea
54%
21 Republic of South Africa
46%
24 Federative Republic of Brazil
42%
32 Independent State of Papua New Guinea
42%
23 Commonwealth of Australia
40%
21 Islamic Republic of Iran
40%
22 Federal Republic of Germany
39%
25 Republic of Marshall Islands
39%
22 Commonwealth of Dominica
36%
25 Islamic Republic of Pakistan
32%
23 Kingdom of the Netherlands
32%
28 Islamic Republic of Afghanistan
31%
24 Republic of the Philippines
31%
25 Principality of Liechtenstein
28%
29 Bolivarian Republic of Venezuela
26%
28 Lao People's Democratic Republic
25%
32 Federal Democratic Republic of Nepal
24%
33 Principality of the Valleys of Andorra
23%
24 Hashemite Kingdom of Jordan
21%
24 Federal Republic of Somalia
20%
23 Independent State of Samoa
18%
24 United Republic of Tanzania
18%
26 Socialist Republic of Vietnam
1%
No matching quizzes found
Score Distribution
Percent of People with Each Score
Percentile by Number Answered
Your Score History
You have not taken this quiz since the last reset